[Event "Sydney International Challengers"]
[Site "Parramatta, NSW"]
[Date "2009.04.15"]
[Round "2.24"]
[White "Tracey, Michael"]
[Black "Lin, Mark"]
[Result "0-1"]
[WhiteElo "1418"]
[BlackElo "657"]
[PlyCount "114"]
[EventDate "2009.04.15"]
[EventType "swiss"]
[EventRounds "9"]
[EventCountry "AUS"]
[SourceDate "2009.04.15"]

1. c4 e5 2. Nc3 Nf6 3. Nf3 d6 4. g3 g6 5. Bg2 Bg7 6. O-O Be6 7. d3 c6 8. e4 d5
9. cxd5 cxd5 10. Nxe5 dxe4 11. Qa4+ Nbd7 12. Bg5 O-O 13. Nxd7 Qxd7 14. Qxd7
Nxd7 15. dxe4 Bxc3 16. bxc3 Kg7 17. Rfd1 Rac8 18. Bd2 f6 19. a3 b6 20. Rab1 Nc5
21. f3 Rfd8 22. Be3 Rxd1+ 23. Rxd1 Na4 24. Bd4 Nxc3 25. Bxc3 Rxc3 26. a4 Ra3
27. Rd4 Kf7 28. Bf1 Rxf3 29. Bc4 Rc3 30. Bxe6+ Kxe6 31. Kf2 Rc2+ 32. Kg1 Ra2
33. Rc4 h5 34. h3 Ke5 35. h4 Re2 36. a5 Rxe4 37. Rc7 Ra4 38. axb6 axb6 39. Kf2
Kf5 40. Rc6 Rb4 41. Ke3 Rb3+ 42. Kf2 g5 43. hxg5 fxg5 44. Rc7 b5 45. Rc5+ Kg4
46. Ke2 Kxg3 47. Rxg5+ Kh4 48. Rd5 b4 49. Kf2 Rb1 50. Rd4+ Kg5 51. Rd5+ Kg4 52.
Rd4+ Kf5 53. Rd5+ Ke4 54. Rxh5 b3 55. Ke2 b2 56. Rb5 Rh1 57. Rb4+ Kd5 0-1

[Event "Sydney International Challengers"]
[Site "Parramatta, NSW"]
[Date "2009.04.15"]
[Round "2.25"]
[White "Beahan, Patrick"]
[Black "Su, Alexander"]
[Result "1-0"]
[WhiteElo "1349"]
[BlackElo "483"]
[PlyCount "139"]
[EventDate "2009.04.15"]
[EventType "swiss"]
[EventRounds "9"]
[EventCountry "AUS"]
[SourceDate "2009.04.15"]

1. e4 e6 2. d4 d5 3. Nc3 Bb4 4. e5 c5 5. Nf3 Bd7 6. a3 Bxc3+ 7. bxc3 cxd4 8.
cxd4 f6 9. Bd3 Nc6 10. O-O Qc7 11. Re1 fxe5 12. Nxe5 Nxe5 13. Rxe5 Nf6 14. Bf4
Qb6 15. h3 Qxd4 16. Bg6+ hxg6 17. Qxd4 Bc8 18. Rg5 Rh6 19. Re1 Kf7 20. Qc3 Ne4
21. Qc7+ Ke8 22. Bd6 Bd7 23. Rxe4 dxe4 24. Re5 g5 25. Rxg5 Rh7 26. Re5 Rh6 27.
Qa5 Bc6 28. Qd2 Rd8 29. Qb4 Rf6 30. Be7 Rd1+ 31. Kh2 Rxf2 32. Bf8 Rxf8 33.
Rxe6+ Kf7 34. Rxe4 Bxe4 35. Qxe4 Rd7 36. Qf5+ Ke7 37. Qc5+ Ke8 38. Qxa7 Rff7
39. Qb8+ Ke7 40. Qe5+ Kd8 41. c4 Rc7 42. a4 Rfe7 43. Qb5 Kc8 44. a5 Rc6 45.
Qf5+ Kc7 46. Qf8 Rd7 47. Qf4+ Kc8 48. h4 Rc5 49. Qf8+ Kc7 50. Qxc5+ Kd8 51. h5
Ke8 52. Qb5 Ke7 53. Qg5+ Kf7 54. Qg6+ Kf8 55. h6 gxh6 56. Qxh6+ Kg8 57. Qe6+
Rf7 58. c5 Kg7 59. c6 Rf6 60. Qd7+ Rf7 61. Qxf7+ Kxf7 62. cxb7 Kf6 63. b8=Q Kf5
64. g3 Ke4 65. Qf4+ Kd5 66. a6 Ke6 67. a7 Kd5 68. a8=Q+ Ke6 69. Qc6+ Ke7 70.
Qff6# 1-0

[Event "Sydney International Challengers"]
[Site "Parramatta, NSW"]
[Date "2009.04.16"]
[Round "3.1"]
[White "Yuen, Jonathan"]
[Black "Savige, Colin"]
[Result "0-1"]
[WhiteElo "1371"]
[BlackElo "1999"]
[PlyCount "66"]
[EventDate "2009.04.15"]
[EventType "swiss"]
[EventRounds "9"]
[EventCountry "AUS"]
[SourceDate "2009.04.15"]

1. e4 c5 2. Nc3 Nc6 3. g4 d6 4. d3 e5 5. h4 Be7 6. g5 h6 7. Nd5 hxg5 8. Nxe7
Ngxe7 9. Bxg5 Be6 10. Bh3 Qd7 11. Bxe6 Qxe6 12. Nf3 O-O-O 13. c4 f6 14. Be3 g6
15. Qe2 Rh5 16. O-O-O Rdh8 17. Rdg1 g5 18. Qd1 g4 19. Ne1 Rxh4 20. Ng2 Rh3 21.
Rxh3 gxh3 22. Ne1 f5 23. exf5 Qxf5 24. Nf3 Nd4 25. Bxd4 cxd4 26. Rg3 Qf4+ 27.
Kb1 Nf5 28. Rg6 e4 29. dxe4 Qxe4+ 30. Kc1 h2 31. Qh1 Rh3 32. Rg3 Nxg3 33. fxg3
Qxf3 0-1

[Event "Sydney International Challengers"]
[Site "Parramatta, NSW"]
[Date "2009.04.16"]
[Round "3.2"]
[White "Weller, Tony"]
[Black "Feng, Thomas"]
[Result "0-1"]
[WhiteElo "1987"]
[BlackElo "1638"]
[PlyCount "100"]
[EventDate "2009.04.15"]
[EventType "swiss"]
[EventRounds "9"]
[EventCountry "AUS"]
[SourceDate "2009.04.15"]

1. d4 Nf6 2. e3 d6 3. c4 g6 4. Nc3 Bg7 5. Nf3 O-O 6. Be2 c5 7. O-O e6 8. b3 a6
9. Bb2 b6 10. Qc2 Bb7 11. Rfd1 Qc7 12. d5 exd5 13. Nxd5 Nxd5 14. Bxg7 Kxg7 15.
cxd5 Nd7 16. Qc3+ Kg8 17. Ng5 b5 18. Rac1 Nb6 19. Ne4 Nd7 20. Bg4 Rfe8 21. Ng5
Ne5 22. Bh3 Qd8 23. f4 Nd7 24. Qd3 Nf6 25. e4 h6 26. Nxf7 Kxf7 27. Be6+ Kg7 28.
e5 Nh5 29. g3 Bc8 30. Bxc8 Rxc8 31. Qe3 Qe7 32. g4 Nxf4 33. Qxf4 Qxe5 34. Qf3
Qe3+ 35. Kg2 Qe2+ 36. Qxe2 Rxe2+ 37. Kg3 Rce8 38. Rd3 g5 39. Rf3 Rxa2 40. Rcf1
Re7 41. h4 Rd2 42. hxg5 hxg5 43. Rf5 Re3+ 44. R1f3 Rxf3+ 45. Kxf3 Kg6 46. Ke4
Rd4+ 47. Kf3 Rf4+ 48. Rxf4 gxf4 49. Kxf4 a5 50. Ke3 Kg5 0-1

[Event "Sydney International Challengers"]
[Site "Parramatta, NSW"]
[Date "2009.04.16"]
[Round "3.5"]
[White "Deen-Cowell, Nicholas"]
[Black "Escalante, Lorenzo"]
[Result "1-0"]
[WhiteElo "1408"]
[BlackElo "1891"]
[PlyCount "87"]
[EventDate "2009.04.15"]
[EventType "swiss"]
[EventRounds "9"]
[EventCountry "AUS"]
[SourceDate "2009.04.15"]

1. e4 e5 2. Nf3 Nc6 3. Bb5 a6 4. Ba4 Nf6 5. O-O Bc5 6. c3 O-O 7. d4 exd4 8.
cxd4 Ba7 9. Re1 d6 10. Bg5 h6 11. Bh4 g5 12. Bg3 Bg4 13. Bxc6 bxc6 14. Nc3 Rb8
15. b3 Nh5 16. Qd3 Nxg3 17. hxg3 Qf6 18. Rad1 a5 19. Rd2 Rb4 20. e5 Qd8 21. Ne2
Re8 22. a3 Rb5 23. Qc3 Qd7 24. Nh2 Bh5 25. g4 Bg6 26. Kf1 Rd5 27. Red1 Rb8 28.
f4 Rdb5 29. f5 Rxb3 30. Qxa5 Bxf5 31. gxf5 Qxf5+ 32. Kg1 Bb6 33. Qa4 Rb5 34.
Qc4 dxe5 35. Qxc6 exd4 36. Nxd4 Qe5 37. Ng4 Bxd4+ 38. Rxd4 Qc5 39. Qxh6 f5 40.
Qxg5+ Kf8 41. Nf6 Rd8 42. Qg8+ Ke7 43. Qg7+ Ke6 44. Re1+ 1-0

[Event "Sydney International Challengers"]
[Site "Parramatta, NSW"]
[Date "2009.04.16"]
[Round "3.6"]
[White "Shaw, Robin"]
[Black "Setiabudi, Megan"]
[Result "1-0"]
[WhiteElo "1853"]
[BlackElo "1382"]
[PlyCount "95"]
[EventDate "2009.04.15"]
[EventType "swiss"]
[EventRounds "9"]
[EventCountry "AUS"]
[SourceDate "2009.04.15"]

1. e4 c5 2. d4 cxd4 3. c3 dxc3 4. Nxc3 d6 5. Nf3 Nc6 6. Bc4 Nf6 7. e5 dxe5 8.
Qxd8+ Nxd8 9. Nb5 Rb8 10. Nxe5 Ne6 11. Bxe6 Bxe6 12. Nc7+ Kd8 13. Nxe6+ fxe6
14. Nf7+ Ke8 15. Nxh8 g6 16. Bf4 Rc8 17. O-O Bg7 18. Rac1 Rxc1 19. Rxc1 Nd5 20.
Bg3 Nb6 21. Bc7 Nd5 22. Bb8 a6 23. Ba7 Nf6 24. Bd4 Bh6 25. Rc8+ Kd7 26. Rb8 e5
27. Bxe5 Ke6 28. f4 Bg7 29. g4 Nd7 30. Rg8 Nxe5 31. Rxg7 Nxg4 32. Rxh7 Nf6 33.
Rg7 Nd5 34. Rxg6+ Kd7 35. Rg4 Nf6 36. Rg2 Nd5 37. Rd2 Kc6 38. Ng6 e6 39. Kf2
Nf6 40. Kf3 Ne8 41. h4 Ng7 42. Ne5+ Kb6 43. Rd6+ Ka7 44. Kg4 Kb8 45. h5 Kc8 46.
h6 Nf5 47. Rxe6 Nxh6+ 48. Rxh6 1-0

[Event "Sydney International Challengers"]
[Site "Parramatta, NSW"]
[Date "2009.04.16"]
[Round "3.8"]
[White "Weltner, Michael"]
[Black "Baterowicz, Mark"]
[Result "0-1"]
[WhiteElo "1391"]
[BlackElo "1732"]
[PlyCount "54"]
[EventDate "2009.04.15"]
[EventType "swiss"]
[EventRounds "9"]
[EventCountry "AUS"]
[SourceDate "2009.04.15"]

1. e4 e6 2. d4 d5 3. e5 c5 4. c3 Nc6 5. Nf3 Qb6 6. Qb3 Qc7 7. Be2 f6 8. Bf4
fxe5 9. dxe5 Nge7 10. h3 Ng6 11. Bg3 Ngxe5 12. Nxe5 Nxe5 13. Nd2 Bd6 14. Bxe5
Bxe5 15. Nf3 O-O 16. O-O Bf6 17. Rfe1 Qf4 18. Rad1 c4 19. Qc2 Bd7 20. g3 Qh6
21. Bf1 e5 22. Nxe5 Bxh3 23. Bxh3 Qxh3 24. Qe2 Qf5 25. Qg4 Bxe5 26. Qxf5 Rxf5
27. Rxd5 Bxc3 0-1

[Event "Sydney International Challengers"]
[Site "Parramatta, NSW"]
[Date "2009.04.16"]
[Round "3.10"]
[White "Beahan, Patrick"]
[Black "Christensen, Joshua"]
[Result "0-1"]
[WhiteElo "1349"]
[BlackElo "1882"]
[PlyCount "134"]
[EventDate "2009.04.15"]
[EventType "swiss"]
[EventRounds "9"]
[EventCountry "AUS"]
[SourceDate "2009.04.15"]

1. e4 e5 2. Nf3 Nf6 3. Nxe5 d6 4. Nf3 Nxe4 5. d4 d5 6. Bd3 Bd6 7. O-O O-O 8.
Re1 Re8 9. c4 c6 10. Nbd2 Bf5 11. Nf1 Nd7 12. Ne3 Be6 13. cxd5 cxd5 14. Bd2 a5
15. a4 Nxd2 16. Nxd2 Nf6 17. Bb5 Bd7 18. Bxd7 Qxd7 19. Nf3 Rac8 20. Qd3 g6 21.
b3 Kg7 22. Rab1 Bb4 23. Rec1 Ne4 24. Nf1 Nc3 25. Ne5 Qf5 26. Qxf5 gxf5 27. Ng3
Nxb1 28. Rxb1 Kf6 29. Nh5+ Kg5 30. g4 fxg4 31. Ng3 Re7 32. Kg2 Rc2 33. h4+ Kf6
34. Nxg4+ Ke6 35. Ne5 Bc3 36. Nf3 Kd7 37. Ne5+ Kc8 38. Nf5 Re6 39. Rd1 f6 40.
Nf3 Ree2 41. Rf1 Kc7 42. Ng1 Re1 43. Nh3 Rec1 44. Rxc1 Rxc1 45. Ne3 Bxd4 46.
Nxd5+ Kc6 47. Ndf4 Rb1 48. Ne6 Kd5 49. Nc7+ Ke4 50. f3+ Kd3 51. Nf4+ Kc2 52.
Ne2 Be5 53. Nd5 Kxb3 54. Ng3 Rb2+ 55. Kh3 Bxg3 56. Kxg3 Kxa4 57. Nxf6 Kb5 58.
Ne4 a4 59. f4 a3 60. f5 a2 61. Nc3+ Kc4 62. Nxa2 Rxa2 63. Kg4 Kd5 64. Kg5 Ke5
65. h5 Ra6 66. h6 Rf6 67. Kg4 Rxf5 0-1

[Event "Sydney International Challengers"]
[Site "Parramatta, NSW"]
[Date "2009.04.16"]
[Round "3.11"]
[White "McCook, Jake"]
[Black "Bleicher, Horst"]
[Result "1-0"]
[WhiteElo "1188"]
[BlackElo "1822"]
[PlyCount "65"]
[EventDate "2009.04.15"]
[EventType "swiss"]
[EventRounds "9"]
[EventCountry "AUS"]
[SourceDate "2009.04.15"]

1. e4 e5 2. Nf3 Nc6 3. Bb5 a6 4. Bxc6 dxc6 5. O-O Bd6 6. d4 f6 7. Nc3 Ne7 8.
dxe5 fxe5 9. Be3 Bg4 10. h3 Bh5 11. Ne2 Bxf3 12. gxf3 Qd7 13. Kh2 O-O-O 14. c4
c5 15. b4 Qe6 16. Qb3 b6 17. bxc5 Bxc5 18. Bxc5 bxc5 19. Rab1 Kd7 20. Rfd1+ Ke8
21. Rxd8+ Kxd8 22. Qb8+ Nc8 23. Rd1+ Ke7 24. Qxc7+ Kf6 25. Ng3 g6 26. Qxc5 Kg5
27. f4+ Kf6 28. fxe5+ Qxe5 29. Qc6+ Qe6 30. e5+ Kf7 31. Qc7+ Ne7 32. Ne4 h6 33.
Rd7 1-0

[Event "Sydney International Challengers"]
[Site "Parramatta, NSW"]
[Date "2009.04.16"]
[Round "3.12"]
[White "Simmonds, Leteisha"]
[Black "Griffin, Hamish"]
[Result "1/2-1/2"]
[WhiteElo "1169"]
[BlackElo "1755"]
[PlyCount "96"]
[EventDate "2009.04.15"]
[EventType "swiss"]
[EventRounds "9"]
[EventCountry "AUS"]
[SourceDate "2009.04.15"]

1. e4 c6 2. d4 d5 3. e5 Bf5 4. Nf3 e6 5. a3 c5 6. c4 Nc6 7. Be3 cxd4 8. Bxd4
dxc4 9. Bxc4 Qc7 10. Qe2 Rc8 11. Nbd2 Nge7 12. Bc3 Ng6 13. g3 Bc5 14. Ba2 O-O
15. O-O Rfd8 16. Bb1 Bxb1 17. Raxb1 Nce7 18. Nb3 Bxa3 19. Ba5 b6 20. Bxb6 axb6
21. bxa3 Nc6 22. Rfe1 Rd5 23. Rbc1 Qb8 24. Qb2 Qa8 25. Nbd2 Rcd8 26. Nc4 Qa6
27. Qxb6 Qxb6 28. Nxb6 Ncxe5 29. Nxe5 Rxe5 30. Rxe5 Nxe5 31. f4 Ng6 32. Rc8
Rxc8 33. Nxc8 Kf8 34. a4 Ke8 35. a5 Kd7 36. Nb6+ Kc7 37. Kf2 Ne7 38. Ke3 Nc6
39. Nc4 f6 40. Ke4 g6 41. h3 f5+ 42. Kd3 h5 43. h4 Kb7 44. Kc3 Kc7 45. Kd3 Kb7
46. Kc3 Ka6 47. Kd3 Kb5 48. Kc3 Ka6 1/2-1/2

[Event "Sydney International Challengers"]
[Site "Parramatta, NSW"]
[Date "2009.04.16"]
[Round "3.13"]
[White "Gu, Sean"]
[Black "Nakauchi, Kenji"]
[Result "1-0"]
[WhiteElo "1530"]
[BlackElo "927"]
[PlyCount "93"]
[EventDate "2009.04.15"]
[EventType "swiss"]
[EventRounds "9"]
[EventCountry "AUS"]
[SourceDate "2009.04.15"]

1. e4 c5 2. Nc3 e6 3. Nf3 d5 4. exd5 exd5 5. Bb5+ Nc6 6. O-O Nf6 7. d4 Be7 8.
dxc5 O-O 9. Bxc6 bxc6 10. b4 a5 11. Ba3 axb4 12. Bxb4 Nd7 13. Nd4 Qc7 14. Nb3
Rb8 15. a3 Re8 16. Re1 Ba6 17. Qd2 Bc4 18. Qe3 Bxb3 19. cxb3 Qa7 20. Na4 d4 21.
Qc1 Bxc5 22. Rxe8+ Rxe8 23. Bxc5 Nxc5 24. Qxc5 Qxc5 25. Nxc5 Rd8 26. Re1 g6 27.
f4 Kg7 28. Kf2 Rd5 29. b4 Kf6 30. a4 Kf5 31. Re5+ Rxe5 32. fxe5 Kxe5 33. a5 Kd6
34. a6 d3 35. a7 d2 36. Ke2 Kd5 37. a8=Q f5 38. Qa2+ Kd4 39. Qxd2+ Kc4 40. Ne6
h6 41. Qd4+ Kb5 42. Qc5+ Ka4 43. Nd4 Ka3 44. b5+ Ka2 45. Qb4 Ka1 46. Qb3 cxb5
47. Nc2# 1-0

[Event "Sydney International Challengers"]
[Site "Parramatta, NSW"]
[Date "2009.04.16"]
[Round "3.15"]
[White "Roche, Stephen"]
[Black "Barker, Ken"]
[Result "0-1"]
[WhiteElo "1124"]
[BlackElo "1468"]
[PlyCount "52"]
[EventDate "2009.04.15"]
[EventType "swiss"]
[EventRounds "9"]
[EventCountry "AUS"]
[SourceDate "2009.04.15"]

1. e4 c5 2. Bc4 e6 3. Nf3 Nc6 4. Nc3 a6 5. d3 b5 6. Bb3 Nf6 7. a3 Be7 8. O-O
O-O 9. Be3 d5 10. exd5 exd5 11. Ne2 d4 12. Bf4 Be6 13. Ne5 Nxe5 14. Bxe5 Bxb3
15. cxb3 Bd6 16. Bxd6 Qxd6 17. Ng3 Qd5 18. Rc1 Rac8 19. Re1 Rfe8 20. Rxe8+ Rxe8
21. b4 c4 22. Qd2 Ng4 23. Qf4 Ne5 24. Ne4 Nxd3 25. Qg3 Qxe4 26. f3 Qe3+ 0-1

[Event "Sydney International Challengers"]
[Site "Parramatta, NSW"]
[Date "2009.04.16"]
[Round "3.19"]
[White "Lin, Mark"]
[Black "Leong, Edward"]
[Result "1/2-1/2"]
[WhiteElo "657"]
[BlackElo "1432"]
[PlyCount "46"]
[EventDate "2009.04.15"]
[EventType "swiss"]
[EventRounds "9"]
[EventCountry "AUS"]
[SourceDate "2009.04.15"]

1. e4 c6 2. d4 d5 3. Nc3 dxe4 4. Nxe4 Nd7 5. Nf3 Ngf6 6. Bd3 Nxe4 7. Bxe4 Nf6
8. Qe2 Bg4 9. c3 e6 10. Bg5 Be7 11. Qd3 Nxe4 12. Bxe7 Qxe7 13. Qxe4 Bf5 14. Qe3
O-O 15. Nd2 Rac8 16. O-O c5 17. dxc5 Qxc5 18. Rfe1 Qb5 19. b3 Rfd8 20. Nc4 b6
21. Rad1 Qc6 22. Rxd8+ Rxd8 23. Ne5 Qd6 1/2-1/2

[Event "Sydney International Challengers"]
[Site "Parramatta, NSW"]
[Date "2009.04.16"]
[Round "3.20"]
[White "Greenwood, Norman"]
[Black "Ivanov, Nikola"]
[Result "1-0"]
[WhiteElo "1743"]
[BlackElo "1789"]
[PlyCount "149"]
[EventDate "2009.04.15"]
[EventType "swiss"]
[EventRounds "9"]
[EventCountry "AUS"]
[SourceDate "2009.04.15"]

1. d4 Nf6 2. Nf3 d5 3. c3 e6 4. Bg5 Be7 5. Nbd2 Nbd7 6. e3 a6 7. Bd3 c5 8. Rc1
c4 9. Bb1 h6 10. Bh4 b5 11. a3 Qc7 12. O-O Bd6 13. Bg3 Bb7 14. Bxd6 Qxd6 15.
Ne1 a5 16. f4 Ne4 17. Bxe4 dxe4 18. g4 g6 19. Qe2 a4 20. Qf2 f5 21. h3 Nf6 22.
Qg2 Bc6 23. Rf2 O-O-O 24. Nf1 Qe7 25. Nh2 Kc7 26. Kf1 Nd5 27. Qg3 Kb6 28. Ng2
Qd6 29. g5 Rdg8 30. h4 hxg5 31. hxg5 Rh5 32. Ne1 Rgh8 33. Nc2 Qc7 34. Re1 Rh3
35. Qg1 R8h4 36. Ree2 Qh7 37. Ke1 Rf3 38. Kd2 Rfh3 39. Rg2 Nxf4 40. exf4 e3+
41. Nxe3 Bxg2 42. Nxg2 Rxh2 43. d5+ Kc7 44. Qc5+ Kd8 45. Qd6+ Qd7 46. Qxd7+
Kxd7 47. dxe6+ Ke7 48. Nxh4 Rxh4 49. Ke3 Kxe6 50. Kf3+ Kd6 51. Re5 Rh3+ 52. Kg2
Rd3 53. Rxb5 Ke7 54. Rb4 Kd7 55. Rxc4 Rd2+ 56. Kf1 Rxb2 57. Rxa4 Rb3 58. c4
Rf3+ 59. Ke2 Rxf4 60. Ra6 Rxc4 61. Rxg6 Rg4 62. Kf3 Ra4 63. Rf6 Rxa3+ 64. Kf4
Ke7 65. Kxf5 Rf3+ 66. Kg6 Rg3 67. Rf4 Rg1 68. Kh6 Rh1+ 69. Kg7 Re1 70. g6 Re2
71. Kg8 Rh2 72. Rf7+ Ke8 73. Rh7 Rg2 74. g7 Rf2 75. Kh8 1-0

[Event "Sydney International Challengers"]
[Site "Parramatta, NSW"]
[Date "2009.04.16"]
[Round "3.21"]
[White "Mithran, Mirakla"]
[Black "Canfell, Mike"]
[Result "0-1"]
[WhiteElo "1175"]
[BlackElo "1932"]
[PlyCount "50"]
[EventDate "2009.04.15"]
[EventType "swiss"]
[EventRounds "9"]
[EventCountry "AUS"]
[SourceDate "2009.04.15"]

1. e4 c5 2. Nc3 a6 3. f4 b5 4. Nf3 Bb7 5. d3 e6 6. g3 d5 7. exd5 b4 8. Ne4 exd5
9. Ned2 Nf6 10. Qe2+ Be7 11. Bg2 O-O 12. O-O Re8 13. Qd1 Nc6 14. b3 Ng4 15. Re1
Bf6 16. Ne5 Ncxe5 17. fxe5 Bxe5 18. Rb1 Bd4+ 19. Kh1 Nf2+ 20. Kg1 Nxd1+ 21. Kf1
Qf6+ 22. Nf3 Rxe1+ 23. Kxe1 Nc3 24. Bg5 Qe6+ 25. Kf1 Qe2# 0-1

[Event "Sydney International Challengers"]
[Site "Parramatta, NSW"]
[Date "2009.04.16"]
[Round "3.22"]
[White "Glissan, Paul"]
[Black "Talisayon, Samuel"]
[Result "1-0"]
[WhiteElo "1947"]
[BlackElo "1192"]
[PlyCount "71"]
[EventDate "2009.04.15"]
[EventType "swiss"]
[EventRounds "9"]
[EventCountry "AUS"]
[SourceDate "2009.04.15"]

1. e4 c5 2. Nc3 e6 3. d3 Nc6 4. g3 h6 5. Bg2 a6 6. a4 g5 7. f4 Bg7 8. Nh3 Nd4
9. fxg5 hxg5 10. Nxg5 Qf6 11. Bf4 Ne7 12. e5 Qg6 13. Nce4 Nef5 14. g4 Nh4 15.
Nd6+ Ke7 16. Be4 Nhf5 17. Ndxf7 Rf8 18. gxf5 exf5 19. Bd5 Bh6 20. h4 Ra7 21.
Nxh6 Qxh6 22. Ne6 Qh8 23. Bg5+ Kf7 24. Nxf8+ Kxf8 25. Bf4 b6 26. Qd2 Bb7 27.
Bxb7 Rxb7 28. O-O-O b5 29. Qg2 Nc6 30. axb5 Rxb5 31. Qd5 Qh5 32. Rdg1 Ne7 33.
Qa8+ Kf7 34. Qxa6 Rb4 35. Qf6+ Ke8 36. Bh6 1-0

[Event "Sydney International Challengers"]
[Site "Parramatta, NSW"]
[Date "2009.04.16"]
[Round "3.23"]
[White "Hvistendahl, Robert"]
[Black "Derwent, Ethan"]
[Result "1-0"]
[WhiteElo "1888"]
[BlackElo "1123"]
[PlyCount "61"]
[EventDate "2009.04.15"]
[EventType "swiss"]
[EventRounds "9"]
[EventCountry "AUS"]
[SourceDate "2009.04.15"]

1. e4 c5 2. Nf3 d6 3. d4 cxd4 4. Nxd4 Nf6 5. Nc3 g6 6. Be3 Bg7 7. f3 O-O 8. Qd2
Nc6 9. Bc4 Bd7 10. O-O-O Rb8 11. h4 b5 12. Bb3 Na5 13. Bh6 Nc4 14. Bxc4 bxc4
15. Bxg7 Kxg7 16. h5 Qb6 17. b3 Rfc8 18. hxg6 fxg6 19. Nd5 Qc5 20. Qh6+ Kf7 21.
Nxf6 c3 22. Rd3 Qa3+ 23. Kd1 Qxa2 24. Nxd7 Rxb3 25. Nxb3 Qb1+ 26. Nc1 Rc7 27.
Qxh7+ Ke6 28. Nf8+ Ke5 29. Rd5+ Kf4 30. Qh6+ Kg3 31. Qh4+ {
Both players wrote checkmate on their scoresheets here.} 1-0

[Event "Sydney International Challengers"]
[Site "Parramatta, NSW"]
[Date "2009.04.16"]
[Round "3.24"]
[White "Eustace, Sophie"]
[Black "Mithran, Mishael"]
[Result "1-0"]
[WhiteElo "1419"]
[BlackElo "624"]
[PlyCount "95"]
[EventDate "2009.04.15"]
[EventType "swiss"]
[EventRounds "9"]
[EventCountry "AUS"]
[SourceDate "2009.04.15"]

1. e4 e5 2. Nf3 Nc6 3. d4 d6 4. d5 Nce7 5. Nc3 Bd7 6. Bc4 Ng6 7. Be3 Nf6 8. h3
Nf4 9. Bxf4 exf4 10. Qd2 Be7 11. Qxf4 h6 12. O-O O-O 13. Rfe1 Nh5 14. Qe3 Nf6
15. e5 dxe5 16. Nxe5 Qe8 17. Nxd7 Qxd7 18. Qxe7 Qxe7 19. Rxe7 Rfe8 20. Rae1 Kf8
21. Rxe8+ Nxe8 22. Kf1 Nd6 23. Bb3 Re8 24. Rxe8+ Kxe8 25. Ke2 Ke7 26. Ke3 Nf5+
27. Kf4 Nd4 28. Ne4 g5+ 29. Kg3 Nf5+ 30. Kg4 Nd4 31. Kh5 f5 32. Ng3 f4 33. Ne4
Nf5 34. Kg6 Nh4+ 35. Kxh6 f3 36. g3 Nf5+ 37. Kxg5 Nd4 38. h4 Kf8 39. h5 Kg7 40.
h6+ Kh7 41. Nf6+ Kh8 42. Kf4 Nxb3 43. axb3 a5 44. g4 a4 45. g5 axb3 46. cxb3 c6
47. g6 cxd5 48. g7# 1-0

[Event "Sydney International Challengers"]
[Site "Parramatta, NSW"]
[Date "2009.04.16"]
[Round "3.26"]
[White "Banovic, Milko"]
[Black "Christian, Kashish"]
[Result "1-0"]
[WhiteElo "1332"]
[BlackElo "474"]
[PlyCount "53"]
[EventDate "2009.04.15"]
[EventType "swiss"]
[EventRounds "9"]
[EventCountry "AUS"]
[SourceDate "2009.04.15"]

1. e4 c5 2. f4 Nc6 3. Nf3 d6 4. Bc4 g6 5. c3 Bg7 6. O-O e6 7. d4 Nge7 8. d5 Na5
9. Bb5+ Bd7 10. Qa4 b6 11. dxe6 fxe6 12. Ng5 Nec6 13. Qd1 O-O 14. Qxd6 Nb7 15.
Qd1 Rc8 16. Bc4 Re8 17. Qg4 Qf6 18. Qh3 h6 19. Nf3 Kh7 20. e5 Qe7 21. Bd3 c4
22. Ng5+ Kg8 23. Bxg6 hxg5 24. Qh7+ Kf8 25. fxg5+ Qf6 26. gxf6 Re7 27. fxg7#
1-0

[Event "Sydney International Challengers"]
[Site "Parramatta, NSW"]
[Date "2009.04.16"]
[Round "4.1"]
[White "Savige, Colin"]
[Black "Feng, Thomas"]
[Result "1-0"]
[WhiteElo "1999"]
[BlackElo "1638"]
[PlyCount "129"]
[EventDate "2009.04.15"]
[EventType "swiss"]
[EventRounds "9"]
[EventCountry "AUS"]
[SourceDate "2009.04.15"]

1. e4 e6 2. d4 d5 3. Nc3 Bb4 4. e5 c5 5. a3 Bxc3+ 6. bxc3 Ne7 7. Qg4 Qc7 8.
Qxg7 Rg8 9. Qxh7 cxd4 10. Ne2 dxc3 11. f4 Nbc6 12. Qd3 Bd7 13. Qxc3 O-O-O 14.
g3 Nf5 15. Bg2 Na5 16. Qxc7+ Kxc7 17. Kf2 Ba4 18. c3 Nc4 19. h3 Rh8 20. g4 Nh4
21. Nd4 Nxg2 22. Kxg2 Rdg8 23. Kf3 Na5 24. Rb1 Nc6 25. Bd2 Nxd4+ 26. cxd4 b6
27. Bb4 Kb7 28. Rbc1 Bb5 29. Rc3 Bc4 30. Rh2 Rc8 31. Kg3 Rcg8 32. Rf2 Rh7 33.
Rcf3 Rgh8 34. Kg2 Ka6 35. Be7 Kb5 36. h4 Rg8 37. Kh3 a5 38. f5 Ka4 39. fxe6
fxe6 40. Rf7 Rgg7 41. Rxg7 Rxg7 42. Bf8 Rg8 43. h5 Kb3 44. Rf3+ Kc2 45. Bd6 Be2
46. Rg3 b5 47. Kh4 Bd3 48. g5 Kc3 49. g6 Kc4 50. Bc5 Bf5 51. Kg5 b4 52. axb4
axb4 53. Kf6 b3 54. Ba3 Kxd4 55. Bb2+ Ke4 56. Rxb3 Kf4 57. Rb4+ Be4 58. Kxe6
Kg5 59. Kf7 Rc8 60. e6 Kxh5 61. g7 Bh7 62. Rd4 Bg6+ 63. Kf6 Rg8 64. Rxd5+ Kh6
65. Rd2 1-0

[Event "Sydney International Challengers"]
[Site "Parramatta, NSW"]
[Date "2009.04.16"]
[Round "4.3"]
[White "Baterowicz, Mark"]
[Black "Shaw, Robin"]
[Result "1-0"]
[WhiteElo "1732"]
[BlackElo "1853"]
[PlyCount "109"]
[EventDate "2009.04.15"]
[EventType "swiss"]
[EventRounds "9"]
[EventCountry "AUS"]
[SourceDate "2009.04.15"]

1. d4 f5 2. Nf3 Nf6 3. Bg5 e6 4. e3 Be7 5. Ne5 d6 6. Bxf6 Bxf6 7. Nf3 Nc6 8. c3
O-O 9. Nbd2 Qe7 10. g3 Bd7 11. h4 Rae8 12. Ng5 h6 13. Ngf3 g6 14. Qb3 Kg7 15.
O-O-O d5 16. Qc2 a6 17. h5 g5 18. g4 Qf7 19. gxf5 exf5 20. Bd3 Ne7 21. Rdg1 Kh8
22. Nf1 Rg8 23. Ng3 Qe6 24. Re1 Ref8 25. Nd2 Bg7 26. f3 Bb5 27. Bxb5 axb5 28.
Qb3 Qa6 29. e4 Qa4 30. Qxa4 bxa4 31. exf5 Re8 32. Re6 Nxf5 33. Rxe8 Nxg3 34.
Rxg8+ Kxg8 35. Rh3 Ne2+ 36. Kd1 Nf4 37. Rh1 Kf7 38. Nf1 Nd3 39. Kc2 Ne1+ 40.
Kd1 Nxf3 41. Ne3 Ke6 42. Ng2 Kf5 43. Ke2 Ke4 44. Rf1 g4 45. Ne3 Kf4 46. Nxd5+
Kg3 47. Ne3 Kh4 48. Nf5+ Kxh5 49. Nxg7+ Kg6 50. Ne6 Kf5 51. Nxc7 Ke4 52. d5 h5
53. d6 Ne5 54. Rh1 g3 55. Rh4+ 1-0

[Event "Sydney International Challengers"]
[Site "Parramatta, NSW"]
[Date "2009.04.16"]
[Round "4.4"]
[White "Harris, Bruce"]
[Black "Tenorio, Leonardo"]
[Result "1-0"]
[WhiteElo "1411"]
[BlackElo "1812"]
[PlyCount "129"]
[EventDate "2009.04.15"]
[EventType "swiss"]
[EventRounds "9"]
[EventCountry "AUS"]
[SourceDate "2009.04.15"]

1. e4 c5 2. c3 d6 3. d4 cxd4 4. cxd4 Nf6 5. Nc3 a6 6. Bd3 Nc6 7. Nge2 g6 8. O-O
Bg7 9. Qb3 O-O 10. Be3 Ng4 11. Rad1 b5 12. Bb1 Na5 13. Qc2 Bd7 14. Bc1 e6 15.
h3 Nh6 16. Ng3 Rc8 17. Qd3 Qh4 18. Nce2 f5 19. e5 d5 20. b3 f4 21. Bxf4 Rxf4
22. Qd2 Rf7 23. Qxa5 g5 24. Qxa6 g4 25. f4 gxf3 26. Rxf3 Rxf3 27. gxf3 Qxh3 28.
Qb7 Rf8 29. Qxd7 Rxf3 30. Qe8+ Bf8 31. Qh5 Rxg3+ 32. Nxg3 Qxg3+ 33. Kf1 Qf4+
34. Kg1 Qg4+ 35. Qxg4+ Nxg4 36. Rc1 h5 37. Rc7 h4 38. Bg6 Bh6 39. Bf7+ Kh8 40.
Bxe6 Be3+ 41. Kg2 Nf2 42. Rb7 Nd3 43. Bf5 Ne1+ 44. Kf1 Nf3 45. e6 Bg5 46. e7
Bxe7 47. Rxe7 Nxd4 48. Bg4 Nc2 49. Kg1 b4 50. Rd7 Ne3 51. Be6 Nd1 52. Bxd5 Nc3
53. Bf3 Nxa2 54. Rb7 Kg8 55. Bd5+ Kf8 56. Ra7 Nc3 57. Bc4 Ke8 58. Kh2 Kd8 59.
Kh3 Kc8 60. Kxh4 Kb8 61. Rh7 Ne4 62. Re7 Nd6 63. Kg4 Nc8 64. Rh7 Nd6 65. Kf4
1-0